The Rio Symposium on Computer Education for Developing Countries (Record no. 189565)

MARC details
000 -LEADER
campo de control de longitud fija 00964nam a2200193 i 4500
001 - NÚMERO DE CONTROL
campo de control 189565
003 - IDENTIFICADOR DE NÚMERO DE CONTROL
campo de control ES-MaACL
005 - FECHA Y HORA DE LA ÚLTIMA TRANSACCIÓN
campo de control 20230906223513.0
008 - DATOS DE LONGITUD FIJA--INFORMACIÓN GENERAL
campo de control de longitud fija 190619s1972 bl |||| | eng d
245 04 - MENCIÓN DEL TÍTULO
Título The Rio Symposium on Computer Education for Developing Countries
Resto del título : proceedings /
Mención de responsabilidad, etc. prepared and edited by Claudia Bussel ; organized by Brazilian Academy of Sciences and Intergovernmental Bureau for Informatics-International Computation Center, August 6-12, 1972.
260 ## - PUBLICACIÓN, DISTRIBUCIÓN, ETC.
Lugar de publicación, distribución, etc. Río de Janeiro, Brazil :
Nombre del editor, distribuidor, etc. Ao Livro Técnico,
Fecha de publicación, distribución, etc. [1972]
300 ## - DESCRIPCIÓN FÍSICA
Extensión 1 v. (pag. var.) ;
Dimensiones 28 cm.
546 ## - NOTA DE IDIOMA
Nota de lengua/lenguaje Texto en inglés; resúmenes en inglés y portugués.
650 #4 - PUNTO DE ACCESO ADICIONAL DE MATERIA--TÉRMINO DE MATERIA
Término de materia o nombre geográfico como elemento de entrada Enseñanza asistida por ordenador-
Subdivisión de forma Congresos y asambleas.
9 (RLIN) 12301
650 04 - PUNTO DE ACCESO ADICIONAL DE MATERIA--TÉRMINO DE MATERIA
Término de materia o nombre geográfico como elemento de entrada Proceso de datos-
Subdivisión de forma Congresos y asambleas.
9 (RLIN) 16434
700 1# - ENTRADA AGREGADA--NOMBRE PERSONAL
Nombre de persona Bussel, Claudia.
9 (RLIN) 167366
710 2# - ENTRADA AGREGADA--NOMBRE DE ENTIDAD CORPORATIVA
Nombre de entidad corporativa o nombre de jurisdicción como elemento de entrada Academia Brasileira de Ciências.
9 (RLIN) 167367
852 ## - LOCALIZACIÓN
Ubicación ES-MaACL
Número de control de estantería L-32442
Nota libre . - Donat. Ernesto García Camarero
Holdings
Estatus retirado Estado de pérdida Estado de daño No para préstamo Biblioteca de origen Biblioteca actual Ubicación en estantería Fecha de adquisición Fuente de adquisición Total de préstamos Signatura topográfica completa Código de barras Visto por última vez Precio de reemplazo Tipo de ítem Koha
        Biblioteca del Ateneo de Madrid Biblioteca del Ateneo de Madrid Depósito 2 19/06/2019     L-32442 1200869 23/02/2023 23/02/2023 Libro impreso